000 00742nam a2200253Ia 4500
003 OSt
005 20220912145302.0
006 a|||||r|||| 00| 0
007 ta
008 220909b |||||||| |||| 00| 0 eng d
024 _a73205
037 _cTextual
040 _aCSL
_beng
_cCSL
041 _aeng
082 _aL7p1,N68, K9
100 _aLeibovic K N Ed.
111 _aSymposium on information processing in the nervous system (1968 : New York)
245 0 _aProceeding on information processing in the nervous system
260 _aBerlin
_bSpringer_Verlag
_c1969
300 _axvii,373p.
_ccm.
650 _aNeurology
942 _hL7p1,N68, K9
_cTEXL
_2CC
999 _c27884
_d27884